Bordering Countries by difference in average elevation - Statistics

General Stats
  • This quiz has been taken 33 times
  • The average score is 52 of 60
Answer Stats
Elevation_diff country_name Bordering_country % Correct
1440 China
96%
1453 China
96%
1442 China
96%
1440 China
96%
1425 China
96%
1346 China
96%
1240 China
96%
1219 China
96%
1148 China
96%
1138 China
96%
1130 China
96%
2659 India 4
96%
1219 India
96%
2644 India
96%
2644 Nepal 4
96%
1425 Nepal
96%
2659 Bhutan
93%
1440 Bhutan
93%
1240 Russia
93%
1442 Vietnam
93%
1655 Afghanistan
89%
1435 Afghanistan
89%
1301 Afghanistan
89%
1621 France
89%
993 Iran
89%
1075 Iran
89%
993 Iraq
89%
2601 Kazakhstan
89%
1453 Kazakhstan
89%
1148 Kyrgyzstan
89%
2601 Kyrgyzstan
89%
2538 Kyrgyzstan
89%
1130 Laos
89%
1138 Myanmar
89%
1440 North Korea
89%
1346 Tajikistan
89%
1301 Tajikistan
89%
2736 Tajikistan
89%
1655 Turkmenistan
89%
1075 Turkmenistan
89%
2736 Uzbekistan 4
89%
2538 Uzbekistan
89%
1435 Uzbekistan
89%
1621 Andorra
85%
1336 Andorra
85%
1276 Argentina
81%
1235 Brazil
81%
1276 Chile
81%
1087 Germany
81%
1235 Peru
81%
1336 Spain
81%
1087 Switzerland
81%
1014 Bolivia
74%
1014 Paraguay
70%
1408 Armenia
63%
1408 Azerbaijan
63%
1048 Azerbaijan
63%
1048 Georgia
63%
1127 Lesotho
63%
1127 South Africa
63%
No matching quizzes found
Score Distribution
Percent of People with Each Score
Percentile by Number Answered
Your Score History
You have not taken this quiz